Jak dobrze znasz wiersz "Lokomotywa" Juliana Tuwima? - Statystyki

Ogólne statystyki
  • Ten quiz został rozwiązany 163 razy
  • Średni wynik to 29 z 61
Statystyki odpowiedzi
Tekst Brakujące słowo % Poprawnych
Stoi na ... lokomotywa, stacji
96%
Ciężka, ogromna i ... z niej spływa: pot
93%
Żar z rozgrzanego jej ... bucha: brzucha
74%
... - jak gorąco! Uff
74%
Siedzą i jedzą ... kiełbasy, tłuste
73%
... do niej podoczepiali Wagony
73%
A jeszcze palacz ... w nią sypie. węgiel
72%
A w trzecim siedzą same ..., grubasy
69%
Tłusta .... oliwa
64%
W ósmym słoń, niedźwiedź i dwie ..., żyrafy
64%
I pełno ludzi w ... wagonie, każdym
61%
... - w ruch! Koła
61%
... - buch! Para
61%
To ... gorąca wprawiła to w ruch, para
61%
Tak to to, tak to to, tak to to, tak ... to! to
61%
I kręci się, kręci się koło za ..., kołem
60%
... - jak gorąco! Buch
59%
Stoi i sapie, dyszy i ..., dmucha
59%
... - jak gorąco! Puff
59%
Pod każdym kołem żelazna ...! belka
58%
Już ledwo ..., już ledwo zipie, sapie
58%
Tak to to, tak to to , ... to to, tak to to. tak
58%
Po torze, po torze, po ..., przez most, torze
58%
I każdy ... tysiąc kotletów, zjadłby
58%
Lecz choćby przyszło tysiąc ... atletów
57%
I spieszy się, spieszy, by zdążyć na ..., czas
57%
To ... udźwigną, taki to ciężar. nie
57%
Sam nie wiem, co się w nich ... mieści. jeszcze
55%
Nagle - ...! świst
55%
A tych wagonów jest ze ..., czterdzieści
54%
... - gwizd! Nagle
54%
A w piątym stoi ... fortepianów, sześć
54%
Wielkie i ciężkie, z ..., stali, żelaza
53%
I biegu przyspiesza, i gna coraz ..., prędzej
51%
... - jak gorąco! Uch
50%
W dziesiątym - kufry, paki i ..., skrzynie
48%
Ruszyła -- maszyna -- po szynach -- ..., ospale
46%
Najpierw -- powoli -- jak ... -- ociężale, żółw
46%
A w jednym ..., a w drugim konie, krowy
42%
I dudni, i ..., łomoce i pędzi, stuka
42%
A dokąd? A dokąd? A dokąd? Na ...! wprost
41%
Bo para te tłoki wciąż ... i tłoczy, tłoczy
38%
W szóstym ... - o! jaka wielka! armata
37%
Nie ciężka ..., zziajana, zdyszana, maszyna
37%
Szarpnęła wagony i ciągnie z ..., mozołem
37%
A czwarty wagon pełen ..., bananów
36%
I każdy nie wiem jak się ..., wytężał
36%
Lecz ..., igraszka, zabawka blaszana. fraszka
33%
Gładko tak, lekko tak ... się w dal, toczy
29%
W dziewiątym - same ... świnie, tuczone
28%
Jak gdyby to była ..., nie stal, piłeczka
25%
To para, co z kotła rurami do ..., tłoków
22%
A co to to, co to to, .. to tak pcha, kto
21%
A tłoki ruszają z dwóch ... boków
20%
A skądże to, .. to, czemu tak gna? jakże
20%
Do taktu ... i puka, i stuka to: turkoce
18%
W siódmym ... stoły i szafy, dębowe
15%
Że ..., że wali, że bucha buch, buch? pędzi
14%
Przez góry, przez ..., przez pola, przez las, tunel
14%
I ..., i pchają, i pociąg się toczy, gnają
11%
I koła ... , i puka, i stuka to: turkocą
7%
Nie znaleziono quizów pasujących do podanych kryteriów
Rozkład punktacji
Procent ludzi z każdym wynikiem
Percentyl według liczby udzielonych odpowiedzi
Twoja historia wyników
Nie rozwiązałeś tego quizu